| 000 | 00794nam a2200253Ia 4500 | ||
|---|---|---|---|
| 003 | OSt | ||
| 005 | 20201029213709.0 | ||
| 008 | 191128s1971 mx ad gr 000 0 spa d | ||
| 020 | _a9681801083 | ||
| 040 |
_aCO-JMCR _cCO-JMCR |
||
| 041 | 0 | _aspa | |
| 082 | 0 | 4 |
_a658.4032 / _bC697e _223 |
| 100 | 1 |
_aCollantes Díaz, A., _eautor _912256 |
|
| 245 | 1 | 3 |
_aEl Pert / _cA. Collantes Díaz |
| 250 | _aPrimera edición | ||
| 260 |
_aMéxico : _bEditorial Limusa, _c1971. |
||
| 300 |
_a141 páginas : _bgráficos a blanco y negro ; _c17 cm. |
||
| 490 | 0 | _aQué es y para qué | |
| 504 | _aBibliografía: página 137. | ||
| 505 | 0 | _aDescripción del sistema -- Camino crítico | |
| 650 | 2 | 4 |
_aAnálisis de redes _912257 |
| 650 | 2 | 4 |
_aTécnicas de evaluación Planificación _912258 |
| 942 |
_2ddc _cBK |
||
| 999 |
_c6119 _d6119 |
||